000 00670nam a2200241Ia 4500
003 OSt
005 20220926030311.0
006 a|||||r|||| 00| 0
007 ta
008 220923b |||||||| |||| 00| 0 eng d
037 _cGeneral Book
040 _aRTL
_cRTL
_beng
041 _2eng
_aeng
082 _aX:8.3.N8, M5
100 _aWoolf Emile Ed.
_9334014
245 0 _aOrganisation and management
260 _aPlymouth
_bM & E
_c1985
300 _axii, 303p.
_ccm.
490 _aMacdonald and Evans Professional Studies
650 _aManagement
_930681
942 _hX:8.3.N8, M5
_cGB
_2CC
999 _c649241
_d649241